000 00543nam a2200181Ia 4500
003 GCL
008 140319s9999 xx 000 0 ara d
040 _aGCL /
_cGCL
082 0 4 _a813.03
_bن ف
100 1 _aنبيل عبدالحميد
245 1 0 _aفرس النبى /
_cنبيل عبدالحميد
260 _aالقاهرة :
_bالمجلس الاعلى للثقافة ،
_c1998
300 _a222 ص ؛
_c22 سم
650 0 4 _aالادب العربى
650 0 4 _aالقصص العربية
650 0 4 _aالقصص
942 _2ddc
_cBK
999 _c614
_d614